Caravaca (Record no. 41488)

MARC details
000 -LEADER
campo de control de longitud fija 00785nam a2200205 i 4500
001 - NÚMERO DE CONTROL
campo de control 41488
003 - IDENTIFICADOR DE NÚMERO DE CONTROL
campo de control ES-MaACL
005 - FECHA Y HORA DE LA ÚLTIMA TRANSACCIÓN
campo de control 20230906160435.0
007 - CAMPO FIJO DE DESCRIPCIÓN FÍSICA--INFORMACIÓN GENERAL
campo de control de longitud fija t|
008 - DATOS DE LONGITUD FIJA--INFORMACIÓN GENERAL
campo de control de longitud fija 030311s1847 sp |||| | spa d
100 1# - ENTRADA PRINCIPAL--NOMBRE DE PERSONA
Nombre de persona M. M. Y.
9 (RLIN) 74987
245 10 - MENCIÓN DEL TÍTULO
Título Caravaca
Resto del título : historia de esta villa y de la aparición gloriosa de la Sta. Vera-Cruz que se venera en el Real Alcázar de la misma /
Mención de responsabilidad, etc. por M. M. Y. Pbro.
260 ## - PUBLICACIÓN, DISTRIBUCIÓN, ETC.
Lugar de publicación, distribución, etc. Murcia :
Nombre del editor, distribuidor, etc. Pablo Nogues,
Fecha de publicación, distribución, etc. 1847.
300 ## - DESCRIPCIÓN FÍSICA
Extensión XI, 126 p. ;
Dimensiones 22 cm.
530 ## - NOTA DISPONIBLE DE FORMULARIO FÍSICO ADICIONAL
Nota de formato físico adicional disponible Disponible en formato digital.
650 #4 - PUNTO DE ACCESO ADICIONAL DE MATERIA--TÉRMINO DE MATERIA
Término de materia o nombre geográfico como elemento de entrada Cruz de Caravaca-
Subdivisión general Historia.
9 (RLIN) 152305
651 #4 - PUNTO DE ACCESO ADICIONAL DE MATERIA--NOMBRE GEOGRÁFICO
Nombre geográfico Caravaca de la Cruz-
Subdivisión general Historia.
9 (RLIN) 152306
852 ## - LOCALIZACIÓN
Ubicación ES-MaACL
Número de control de estantería R-1584
Encuadernación Olim: G-454
856 ## - LOCALIZACIÓN Y ACCESO ELECTRÓNICOS
Identificador Uniforme de Recursos <a href="http://bdh-rd.bne.es/viewer.vm?id=0000105199&page=1 ">http://bdh-rd.bne.es/viewer.vm?id=0000105199&page=1 </a>
Nota pública Biblioteca Digital Hispánica
Holdings
Estatus retirado Estado de pérdida Estado de daño No para préstamo Colección Biblioteca de origen Biblioteca actual Ubicación en estantería Fecha de adquisición Fuente de adquisición Total de préstamos Signatura topográfica completa Código de barras Visto por última vez Precio de reemplazo Tipo de ítem Koha
        Colección digital Biblioteca del Ateneo de Madrid Biblioteca del Ateneo de Madrid Depósito 17/01/2008     R-1584 1043675 23/02/2023 23/02/2023 Libro impreso antiguo